LIBRARY & INFORMATION CENTRE, KCAET, TAVANUR

ONLINE PUBLIC ACCESS CATALOGUE (OPAC)

Information storage and retrieval / (Record no. 8955)

MARC details
000 -LEADER
fixed length control field 00431cam a2200169ua 4500
020 ## - INTERNATIONAL STANDARD BOOK NUMBER
ISBN 0-471-14338-3
041 ## - LANGUAGE CODE
Language code of text/sound track or separate title eng
082 ## - DEWEY DECIMAL CLASSIFICATION NUMBER
Classification number 025.524
Item number KOR/IN
100 ## - MAIN ENTRY--AUTHOR NAME
Personal name Korfhage, Robert R.
245 ## - TITLE STATEMENT
Title Information storage and retrieval /
250 ## - EDITION STATEMENT
Edition statement 1 /
260 ## - PUBLICATION, DISTRIBUTION, ETC. (IMPRINT)
Place of publication London :
Name of publisher John Wiley & Sons ,
Year of publication 1997.
300 ## - PHYSICAL DESCRIPTION
Number of Pages 350 ; .
942 ## - ADDED ENTRY ELEMENTS (KOHA)
Koha item type Books
Holdings
Withdrawn status Lost status Damaged status Home library Current library Date acquired Full call number Accession Number Koha item type
      KAUAET KAUAET 07/04/2012 025.524 19900 Reference
free website counter